Kultúra v zahraničí

Bibliographic Details
Format: Serial
Language:Slovak
Published: Bratislava Výskumný ústav kultúry a verejnej mienky [1954-1987]
ISSN:0231-8709
Subjects:

MARC

LEADER 00000cas a2200000 a 4500
001 vtls001330900
003 SK-MaSNL
005 20260228155709.0
008 980513d19541987xo qr| 0 0 0slo
022 |a 0231-8709 
035 |a SNK000283773 
040 |a SNK  |b slo  |c SNK  |e AACR2 
041 0 |a slo 
044 |a xo  |c SK 
072 7 |a 316.7  |x Sociológia kultúry. Kultúrny život  |2 konspekt 
080 |a 316.7  |2 2011 
080 |a (051)  |2 2011 
210 0 |a Kult. zahr. 
222 0 |a Kultúra v zahraničí 
245 0 0 |a Kultúra v zahraničí 
260 |a Bratislava  |b Výskumný ústav kultúry a verejnej mienky  |c [1954-1987]  |f Slovšport 
310 |a 4x ročne 
362 0 |a [Roč. 1 (1954)]-[roč. 33 (1987)] 
650 0 7 |a kultúra  |2 SNKPH  |9 886 
655 7 |a časopisy  |2 SNKPH  |9 76610 
910 |a snk 
999 |c 244  |d 244 
952 |0 0  |1 0  |4 0  |7 0  |a SNK  |b SNK  |d 2000-04-12  |l 0  |o snkČSB 1907/17/1971 D1  |p 17A0235123  |r 2005-01-02 00:00:00  |w 2026-02-21  |y PREZ 
952 |0 0  |1 0  |4 0  |7 0  |a SNK  |b SNK  |d 1998-05-13  |l 0  |o snkČSB 1907/16/1970  |p 17A0139627  |r 2005-01-02 00:00:00  |w 2026-02-21  |y PREZ 
952 |0 0  |1 0  |4 0  |7 0  |a SNK  |b SNK  |d 2007-04-02  |i snkČSP 1409/81  |l 0  |o snkČSB 1907/24/1978 D1  |p 17A0546410  |r 2026-02-21 20:38:34  |t č. 1-4  |w 2026-02-21  |y PREZ 
952 |0 0  |1 0  |4 0  |7 0  |a SNK  |b SNK  |d 1998-05-13  |l 0  |o snkČSB 1907/20/1974  |p 17A0139789  |r 2005-01-02 00:00:00  |w 2026-02-21  |y PREZ 
952 |0 0  |1 0  |4 0  |7 0  |a SNK  |b SNK  |d 1998-05-13  |l 0  |o snkČSB 1907/19/1973  |p 17A0139788  |r 2005-01-02 00:00:00  |w 2026-02-21  |y PREZ 
952 |0 0  |1 0  |4 0  |7 0  |a SNK  |b SNK  |d 1998-05-13  |l 0  |o snkČSB 1907/15/1969  |p 17A0139787  |r 2005-01-02 00:00:00  |w 2026-02-21  |y PREZ 
952 |0 0  |1 0  |4 0  |7 0  |a SNK  |b SNK  |d 1998-05-13  |l 0  |o snkČSB 1907/24/1978  |p 17A0139628  |r 2005-01-02 00:00:00  |w 2026-02-21  |y PREZ 
952 |0 0  |1 0  |4 0  |7 0  |a SNK  |b SNK  |d 1998-05-13  |l 0  |o snkČSB 1907/23/1977  |p 17A0137554  |r 2005-01-02 00:00:00  |w 2026-02-21  |y PREZ 
952 |0 0  |1 0  |4 0  |7 0  |a SNK  |b SNK  |d 1998-05-13  |l 0  |o snkČSB 1907/25/1979  |p 17A0139672  |r 2005-01-02 00:00:00  |w 2026-02-21  |y PREZ 
952 |0 0  |1 0  |4 0  |7 0  |a SNK  |b SNK  |d 1998-05-13  |l 0  |o snkČSB 1907/15/1969/3  |p 17A0139692  |r 2005-01-02 00:00:00  |w 2026-02-21  |y PREZ 
952 |0 0  |1 0  |4 0  |7 0  |a SNK  |b SNK  |d 1998-05-13  |l 0  |o snkČSB 1907/18/1972  |p 17A0139655  |r 2005-01-02 00:00:00  |w 2026-02-21  |y PREZ 
952 |0 0  |1 0  |4 0  |7 0  |a SNK  |b SNK  |d 1998-05-13  |l 0  |o snkČSB 1907/21/1975  |p 17A0139563  |r 2005-01-02 00:00:00  |w 2026-02-21  |y PREZ 
952 |0 0  |1 0  |4 0  |7 0  |a SNK  |b SNK  |d 1998-05-13  |l 0  |o snkČSB 1907/33/1987  |p 17A0139764  |r 2005-01-02 00:00:00  |w 2026-02-21  |y PREZ 
952 |0 0  |1 0  |4 0  |7 0  |a SNK  |b SNK  |d 1998-05-13  |l 0  |o snkČSB 1907/32/1986  |p 17A0139763  |r 2005-01-02 00:00:00  |w 2026-02-21  |y PREZ 
952 |0 0  |1 0  |4 0  |7 0  |a SNK  |b SNK  |d 1998-05-13  |l 0  |o snkČSB 1907/26/1980  |p 17A0139790  |r 2005-01-02 00:00:00  |w 2026-02-21  |y PREZ 
952 |0 0  |1 0  |4 0  |7 0  |a SNK  |b SNK  |d 1998-05-13  |l 0  |o snkČSB 1907/27/1981  |p 17A0140475  |r 2005-01-02 00:00:00  |w 2026-02-21  |y PREZ 
952 |0 0  |1 0  |4 0  |7 0  |a SNK  |b SNK  |d 1998-05-13  |l 0  |o snkČSB 1907/29/1983  |p 17A0139506  |r 2005-01-02 00:00:00  |w 2026-02-21  |y PREZ 
952 |0 0  |1 0  |4 0  |7 0  |a SNK  |b SNK  |d 1998-05-13  |l 0  |o snkČSB 1907/28/1982  |p 17A0139671  |r 2005-01-02 00:00:00  |w 2026-02-21  |y PREZ 
952 |0 0  |1 0  |4 0  |7 0  |a SNK  |b SNK  |d 1998-05-13  |l 0  |o snkČSB 1907/31/1985  |p 17A0139761  |r 2005-01-02 00:00:00  |w 2026-02-21  |y PREZ 
952 |0 0  |1 0  |4 0  |7 0  |a SNK  |b SNK  |d 1998-05-13  |l 0  |o snkČSB 1907/30/1984  |p 17A0139766  |r 2005-01-02 00:00:00  |w 2026-02-21  |y PREZ 
952 |0 0  |1 0  |4 0  |7 0  |8 5  |a SNK  |b SNK  |d 2014-04-26  |i snkF 910/88  |l 0  |o snkČSB 1907/1968/1 D1  |p 17A1075673  |r 2026-02-21 21:03:04  |w 2026-02-21  |y PREZ 
952 |0 0  |1 0  |4 0  |7 0  |a SNK  |b SNK  |d 2014-04-26  |l 0  |o snkČSB 1907/27/1981 D1  |p 17A1075042  |r 2026-02-21 21:03:05  |w 2026-02-21  |y PREZ 
952 |0 0  |1 0  |4 0  |7 0  |a SNK  |b SNK  |d 2014-04-26  |i snkČSP 556/82  |l 0  |o snkČSB 1907/26/1980 D1  |p 17A1075099  |r 2026-02-21 21:03:05  |t č. 1-4   |w 2026-02-21  |y PREZ 
952 |0 0  |1 0  |4 0  |7 0  |a SNK  |b SNK  |d 2014-04-26  |i snkČSP 1364/84  |l 0  |o snkČSB 1907/29/1983 D1  |p 17A1023988  |r 2026-02-21 21:03:05  |t č. 1-4  |w 2026-02-21  |y PREZ 
952 |0 0  |1 0  |4 0  |7 0  |a SNK  |b SNK  |d 2014-04-26  |i snkČSP 1322/89  |l 0  |o snkČSB 1907/32/1986 D1  |p 17A1022986  |r 2026-02-21 21:03:05  |t č. 1-4   |w 2026-02-21  |y PREZ 
952 |0 0  |1 0  |4 0  |7 0  |a SNK  |b SNK  |d 2014-04-26  |i snkČSP 1757/74  |l 0  |o snkČSB 1907/20/1974 D1  |p 17A1075187  |r 2026-02-21 21:03:05  |t č. 1-3  |w 2026-02-21  |y PREZ 
952 |0 0  |1 0  |4 0  |7 0  |a SNK  |b SNK  |d 2014-04-26  |i snkČSP 3670/94  |l 0  |o snkČSB 1907/33/1987 D1  |p 17A1024175  |r 2026-02-21 21:03:05  |t č. 1-2   |w 2026-02-21  |y PREZ 
952 |0 0  |1 0  |4 0  |7 0  |a SNK  |b SNK  |d 2014-04-26  |i snkČSP 1411/81  |l 0  |o snkČSB 1907/25/1979 D1  |p 17A1024176  |r 2026-02-21 21:03:05  |t č. 1-4   |w 2026-02-21  |y PREZ 
952 |0 0  |1 0  |4 0  |7 0  |a SNK  |b SNK  |d 2014-04-26  |i snkČSP 841/70  |l 0  |o snkČSB 1907/15/1969 D1  |p 17A1075121  |r 2026-02-21 21:03:05  |t č. 1-2   |w 2026-02-21  |y PREZ 
952 |0 0  |1 0  |4 0  |7 0  |a SNK  |b SNK  |d 2014-04-26  |i snkČSP 1152/71  |l 0  |o snkČSB 1907/16/1970 D1  |p 17A1075122  |r 2026-02-21 21:03:05  |w 2026-02-21  |y PREZ 
952 |0 0  |1 0  |4 0  |7 0  |a SNK  |b SNK  |d 2014-04-26  |i snkČSP 643/74  |l 0  |o snkČSB 1907/18/1972 D1  |p 17A1075123  |r 2026-02-21 21:03:05  |t č. 1-3  |w 2026-02-21  |y PREZ 
952 |0 0  |1 0  |4 0  |7 0  |a SNK  |b SNK  |d 2014-04-26  |i snkČSP 1755/73  |l 0  |o snkČSB 1907/19/1973 D1  |p 17A1075186  |r 2026-02-21 21:03:05  |w 2026-02-21  |y PREZ 
952 |0 0  |1 0  |4 0  |7 0  |a SNK  |b SNK  |d 2014-04-26  |i snkČSP 4274/87  |l 0  |o snkČSB 1907/31/1985 D1  |p 17A1022987  |r 2026-02-21 21:03:05  |t č. 1-4  |w 2026-02-21  |y PREZ 
952 |0 0  |1 0  |4 0  |7 0  |a SNK  |b SNK  |d 2014-04-26  |i snkČSP 4296/87  |l 0  |o snkČSB 1907/30/1984 D1  |p 17A1023038  |r 2026-02-21 21:03:05  |t č. 1-4  |w 2026-02-21  |y PREZ 
952 |0 0  |1 0  |4 0  |7 0  |a SNK  |b SNK  |d 2014-04-26  |i snkČSP 1362/84  |l 0  |o snkČSB 1907/28/1982 D1  |p 17A1075108  |r 2026-02-21 21:03:05  |t č. 1-4   |w 2026-02-21  |y PREZ 
952 |0 0  |1 0  |4 0  |7 0  |a SNK  |b SNK  |d 2014-04-26  |l 0  |o snkČSB 1907/21/1976 D1  |p 17A1075188  |r 2026-02-21 21:03:05  |t č. 1-3   |w 2026-02-21  |y PREZ 
952 |0 0  |1 0  |4 0  |7 0  |a SNK  |b SNK  |d 2014-04-26  |i snkČSP 1100/82  |l 0  |o snkČSB 1907/22/1976 D1  |p 17A1075120  |r 2026-02-21 21:03:05  |t č. 1-3, neúplné  |w 2026-02-21  |y PREZ  |z Chýba č. 4 
952 |0 0  |1 0  |4 0  |7 0  |a SNK  |b SNK  |d 2014-04-26  |i snkČSP 1102/82  |l 0  |o snkČSB 1907/23/1977 D1  |p 17A1075689  |r 2026-02-21 21:03:05  |t č. 1-4, neúplné  |w 2026-02-21  |y PREZ  |z Chýba č. 1 
952 |0 0  |1 0  |4 0  |7 0  |a SNK  |b SNK  |d 1998-05-13  |l 0  |o snkČSB 1907/22/1976  |p 17A0139954  |r 2005-01-02 00:00:00  |w 2026-02-21  |y PREZ